000 00561cam a22002053a 4500
001 34835
003 PGUSA
005 20140828083742.0
008 110104s2011||||xxu|||||s|||||000 | eng d
040 _aPGUSA
_beng
042 _adc
100 1 _aHume, Fergus,
_d1859-1932
245 1 4 _aThe Pagan's Cup
_h[electronic resource] /
_cFergus Hume
260 _bProject Gutenberg,
_c2011
506 _aPublic domain in the USA.
516 _aElectronic text
830 0 _aProject Gutenberg
_v34835
856 4 0 _uhttp://www.gutenberg.org/ebooks/34835
942 _cEB
999 _c264090
_d264090